000 00786nam a2200181Ia 4500
008 090124s9999 xx 000 0 und d
082 _b44350
100 _aअभ्यंकर रामकृष्ण विनायक
245 _a महाराष्ट्रातील शकितस्थाने
250 _a1
260 _b"आमोद प्रकाशन, मुंबई"
_c2006
300 _a124
600 _aअभ्यंकर रामकृष्ण विनायक
630 _a महाराष्ट्रातील शकितस्थाने
700 _aअभ्यंकर रामकृष्ण विनायक
730 _a महाराष्ट्रातील शकितस्थाने
942 _cBOOK
999 _c110564
_d110564